Carregando...
Flora indica : or discription of indian plants
| Autor principal: | |
|---|---|
| Formato: | Printed Book |
| Idioma: | Undetermined English |
| Publicado em: |
India
Today and Tomarrow's Printers and Publishers
1832
|
| Assuntos: |
| LEADER | 00573nam a2200169Ia 4500 | ||
|---|---|---|---|
| 008 | 140306s9999 xx 000 0 und d | ||
| 041 | |a eng | ||
| 082 | |a 580 |b ROX/FL | ||
| 100 | |a Roxburgh, W | ||
| 245 | |a Flora indica : or discription of indian plants | ||
| 260 | |a India |b Today and Tomarrow's Printers and Publishers |c 1832 | ||
| 300 | |a 763 | ||
| 365 | |b Rs.254.33 | ||
| 650 | |a Botany | ||
| 942 | |2 ddc |c BK | ||
| 999 | |c 107785 |d 107785 | ||
| 952 | |0 0 |1 0 |2 ddc |4 0 |6 580_000000000000000_ROXFL |7 0 |9 105053 |a KAUHCV |b KAUHCV |d 2004-03-19 |g 254.33 |o 580 ROX/FL |p KAU_HCV-8683 |r 2014-03-22 |w 2014-03-22 |y BK | ||